| 000 | 00000nam##2200000za#4500 |
| 001 | 9.573254 |
| 003 | CaOODSP |
| 005 | 20210624183620 |
| 007 | cr ||||||||||| |
| 008 | 150406|2005||||xxc|||||o f|0| 0 eng|d |
| 040 | |aCaOODSP|beng |
| 043 | |an-cn--- |
| 086 | 1 |aBT31-4/56-2005E-PDF |
| 110 | 1 |aCanada. |bTreasury Board. |
| 245 | 10|aNorthern Pipeline Agency, performance report for the period ending March 31, 2005 |h[electronic resource] |
| 260 | |aOttawa - Ontario : |bTreasury Board of Canada Secretariat |c[2005]. |
| 300 | |a22p.|bmaps (some coloured), organization chart, tables |
| 490 | 1 |aPerformance report for the period ending March 31, 2005 |
| 590 | |a12-07-Supp|b2012-03-09 |
| 775 | 08|tAdministration du pipe-line du Nord - rapport sur le rendement pour la période se terminant le 31 mars 2005 |w(CaOODSP)9.603463 |
| 776 | 0#|tNorthern Pipeline Agency Canada |w(CaOODSP)9.541856 |
| 776 | 0#|tAdministration du pipe-line du Nord Canada |w(CaOODSP)9.541857 |
| 830 | #0|aPerformance report for the period ending March 31, 2005.|w(CaOODSP)9.506266 |
| 856 | 40|ahttp://publications.gc.ca|qPDF|s292 KB|uhttps://publications.gc.ca/collections/collection_2012/sct-tbs/BT31-4-56-2005-eng.pdf |